| 000 | 00679nam a2200241Ia 4500 | ||
|---|---|---|---|
| 003 | OSt | ||
| 005 | 20220918225017.0 | ||
| 006 | a|||||r|||| 00| 0 | ||
| 007 | ta | ||
| 008 | 220917b |||||||| |||| 00| 0 eng d | ||
| 024 | _a236,097 | ||
| 037 | _cTextual | ||
| 040 |
_aARTS _cARTS _beng |
||
| 041 |
_2eng _aeng |
||
| 082 | _aT4:812, K4 | ||
| 110 |
_aIndia, Education (Ministry of-Scholarship for Study abraod and at home _9149434 |
||
| 245 | 0 | _aReport | |
| 260 | _c1964 | ||
| 300 |
_aviii;216p _ccm. |
||
| 700 |
_aIndia, Education (Ministry of-Scholarship for Study abraod and at home _9149435 |
||
| 942 |
_hT4:812, K4 _cTEXL _2CC |
||
| 999 |
_c283067 _d283067 |
||